00358nam a2200133Ia 4500008004100000041000800041082001800049100001500067245004900082260003400131300000800165365001600173700003500189230718s9999 xx 000 0 und d aeng a005.13'3bBAR aBarnett R. aEmbedded C Programming And The Microchip PIC c2004bDelmar ceneage learning a427 cRs.b462.00 aBarnett R.; O'Cull L. & Cox S.